000 00564cam a22001814a 4500
005 20250605164401.0
008 250528s ||||||||||||||||||||||||d
035 _a24610
040 _aGR-AtMCL
_bgre
_dGR-AtMCL
_eAACR2
245 1 _aThe Future Experience
260 _bInternational Airport Review,
_c2022
300 _a48
520 _aAirports Should Think Like Tech Companies, Embracing Innovation in Airport Security, Samarkand's New International Airport.
700 1 _aMiles Holly
_99494
942 _cCR
999 _c9479
_d9479